Conocimiento y enseñanza de las matemáticas elementales: la comprensión de las matemáticas fundamentales que tienen los profesores en China y los EE.UU

Guardat en:
Dades bibliogràfiques
Autor principal: Ma, Liping (autora)
Format: Llibre
Idioma:espanyol
Publicat: Santiago Academia Chilena de Ciencias 2010
Edició:1a. ed
Matèries:
Etiquetes: Afegir etiqueta
Sense etiquetes, Sigues el primer a etiquetar aquest registre!

MARC

LEADER 00000nam a2200000 a 4500
001 UCG3007
003 CL-VaPUC
008 100805e20100300CL |||||||||||||||||spa|d
020 |a 9789568304041 
082 0 4 |a 370  |b MAL  |2 21 
100 |a Ma, Liping  |e autora  |9 551742 
245 1 0 |a Conocimiento y enseñanza de las matemáticas elementales: la comprensión de las matemáticas fundamentales que tienen los profesores en China y los EE.UU 
250 |a 1a. ed 
300 |a 207 p 
942 |c BK 
945 |d 20100805 00:00:00  |a mfarfan 
260 |a Santiago  |b Academia Chilena de Ciencias  |c 2010 
650 0 |a Matemática  |9 260235 
650 0 |a Enseñanza  |9 256457 
650 0 |a Métodos de enseñanza  |9 270413 
583 |a last modification  |c 20100805 00:00:00  |k Rodrigo Vera 
999 |c 342107  |d 342105 
952 |0 0  |1 0  |4 0  |6 370_000000000000000_MAL_2010  |7 0  |8 C  |9 438073  |a BIBCUR  |b BIBCUR  |d 2019-11-22  |i 4701771  |o 370 MAL 2010  |p 4701771  |r 2025-04-22  |w 2019-11-22  |y BK  |k EXP 
952 |0 0  |1 0  |4 0  |6 370_000000000000000_MAL_2010  |7 0  |8 C  |9 438074  |a BIBCUR  |b BIBCUR  |d 2019-11-22  |i 470178K  |o 370 MAL 2010  |p 470178K  |r 2025-04-22  |w 2019-11-22  |y BK  |k EXP